[Event "FIDE Online Olympiad"]
[Site "Chess.com"]
[Date "2020.08.01"]
[EventDate "2020.07.31"]
[Round "4"]
[Result "1-0"]
[White "George Mwale"]
[Black "Ahmed Said Al Amri Mohammed"]
[WhiteElo "1974"]
[BlackElo "1588"]
[PlyCount "73"]

1. e4 e6 2. d4 b6 3. Nf3 Bb7 4. Bd3 Nf6 5. Qe2 d5 6. e5 Ne4
7. O-O Be7 8. Nbd2 Nxd2 9. Bxd2 c5 10. c3 cxd4 11. cxd4 O-O
12. Rac1 Nd7 13. Bb1 Rc8 14. Rfe1 Rxc1 15. Rxc1 Re8 16. Qd3 g6
17. Bh6 Bf8 18. Qe3 Bxh6 19. Qxh6 Nf8 20. h4 f5 21. exf6 Qxf6
22. Ne5 Re7 23. Rc3 Qg7 24. Qg5 h6 25. Qf4 Nd7 26. Nxg6 Rf7
27. Qg4 Rf6 28. Rc7 h5 29. Ne7+ Kf8 30. Qxg7+ Kxg7 31. Rxd7
Rf7 32. Rxb7 Kf8 33. Ng6+ Kg7 34. Rxf7+ Kxf7 35. f3 Kf6 36. g4
hxg4 37. fxg4 1-0

[Event "FIDE Online Olympiad"]
[Site "Chess.com"]
[Date "2020.08.01"]
[EventDate "2020.07.31"]
[Round "4"]
[Result "1-0"]
[White "Susan Namangale"]
[Black "Alanoud Al Ghafri"]
[WhiteElo "1343"]
[BlackElo "1293"]
[PlyCount "73"]

1. d4 d5 2. Nf3 Bf5 3. g3 e6 4. Bg2 Nc6 5. O-O Nf6 6. Nc3 Nb4
7. h3 Nxc2 8. e4 dxe4 9. Ne5 Nxa1 10. Bg5 h6 11. Bxf6 gxf6
12. Nc4 Bb4 13. Nxe4 Rg8 14. Qa4+ c6 15. Qxb4 Nc2 16. Qxb7
Nxd4 17. Ncd6+ Qxd6 18. Nxd6+ Kd8 19. Qxa8+ Kd7 20. Qxg8 Kxd6
21. Qxf7 Ke5 22. Re1+ Kd6 23. Qxf6 c5 24. g4 Bd3 25. Qf8+ Kd7
26. Qxc5 Ne2+ 27. Kh2 Nf4 28. Rd1 Ke8 29. Qc6+ Kf7 30. Qc7+
Kf6 31. Qxf4+ Ke7 32. Rxd3 a5 33. Qc7+ Kf6 34. f4 Kg6 35. Be4+
Kf6 36. Qd8+ Kf7 37. Rd7# 1-0

[Event "FIDE Online Olympiad"]
[Site "Chess.com"]
[Date "2020.08.01"]
[EventDate "2020.07.31"]
[Round "4"]
[Result "1-0"]
[White "Omar Eltigani"]
[Black "Estube Haileselassie Tadese"]
[WhiteElo "2283"]
[BlackElo "2097"]
[PlyCount "55"]

1. d4 Nf6 2. c4 e6 3. Nf3 d5 4. Nc3 Nbd7 5. cxd5 exd5 6. Bf4
Bb4 7. e3 O-O 8. Rc1 c5 9. Be2 Ne4 10. O-O Nxc3 11. bxc3 Ba3
12. Rb1 c4 13. e4 Nf6 14. Bg5 dxe4 15. Ne5 h6 16. Bh4 Be7
17. Bxc4 Nd5 18. Bxe7 Nxe7 19. Qb3 Qe8 20. Rbe1 Bf5 21. Qxb7
Rc8 22. f3 exf3 23. Rxf3 Be6 24. d5 Rb8 25. dxe6 f6 26. Qxa7
fxe5 27. Rf7 Nf5 28. Rf1 1-0

[Event "FIDE Online Olympiad"]
[Site "Chess.com"]
[Date "2020.08.01"]
[EventDate "2020.07.31"]
[Round "4"]
[Result "1-0"]
[White "Aydagnuhem Gezachew Abera"]
[Black "Maher Musa"]
[WhiteElo "2074"]
[BlackElo "1914"]
[PlyCount "145"]

1. c4 e5 2. Nc3 Nc6 3. d3 Bb4 4. Qb3 f5 5. e3 Nf6 6. Bd2 Bxc3
7. Bxc3 O-O 8. Nf3 d6 9. Be2 Kh8 10. O-O Rb8 11. a4 b6
12. Rad1 Qe8 13. d4 e4 14. Nd2 Qg6 15. f4 Ng4 16. Bxg4 Qxg4
17. d5 Ne7 18. Rde1 Bd7 19. Qc2 Rf6 20. Bxf6 gxf6 21. b3 Rg8
22. Rf2 Ng6 23. Qd1 Qh4 24. Nf1 Qh6 25. Ng3 Nh4 26. Ref1 a5
27. Qh5 Qxh5 28. Nxh5 Rg6 29. Ng3 Kg7 30. Ra1 Kf7 31. b4 axb4
32. Rb2 Rg8 33. Rxb4 Ra8 34. a5 Ng6 35. Ne2 Ke7 36. a6 Ra7
37. Nd4 Kd8 38. Nb5 Bxb5 39. cxb5 Nf8 40. Rc1 Nd7 41. Rb2 Nc5
42. Rbc2 Nd3 43. Rd1 Nc5 44. h3 h5 45. g3 Kd7 46. Rg2 Na4
47. Rc1 Nc5 48. g4 hxg4 49. hxg4 Nd3 50. Rb1 fxg4 51. Rxg4 Ke7
52. Rg7+ Kf8 53. Rh7 Kg8 54. Rd7 Nc5 55. Re7 Kf8 56. Rh7 Kg8
57. Rh5 Kg7 58. Kh2 Kg6 59. Rh4 f5 60. Rg1+ Kf6 61. Rh6+ Kf7
62. Rg5 Na4 63. Rxf5+ Kg7 64. Re6 Nc3 65. Rg5+ Kf7 66. Rh5
Nxb5 67. Rh7+ Kf8 68. f5 Nc3 69. Rxd6 Kg8 70. Rdd7 Rxa6 71. f6
Ra2+ 72. Kh3 Rf2 73. Rdg7+ 1-0

[Event "FIDE Online Olympiad"]
[Site "Chess.com"]
[Date "2020.08.01"]
[EventDate "2020.07.31"]
[Round "5"]
[Result "1-0"]
[White "Oyon Marius Claude Amba"]
[Black "Ahmed Taleb Mohamed"]
[WhiteElo "1966"]
[BlackElo "1978"]
[PlyCount "111"]

1. e4 e5 2. Nf3 Nf6 3. Nc3 Bb4 4. d3 Nc6 5. Bd2 d5 6. exd5
Nxd5 7. Nxd5 Qxd5 8. Be2 O-O 9. O-O Bxd2 10. Nxd2 Nd4 11. c3
Nxe2+ 12. Qxe2 Rd8 13. Rfd1 f6 14. Nc4 Be6 15. Ne3 Qc6 16. d4
exd4 17. Rxd4 Rxd4 18. cxd4 Rd8 19. Rd1 Bxa2 20. d5 Qa4 21. h3
Qe4 22. Qb5 c6 23. Qa5 Rd6 24. Qxa2 c5 25. Qxa7 Kf7 26. Qxc5
Rd7 27. d6 Qe8 28. Qh5+ g6 29. Qxh7+ Ke6 30. Qh4 Kf7 31. Qc4+
Kg7 32. Qd5 Qa8 33. Qe6 Qa4 34. b3 Qc6 35. Ng4 Rf7 36. Qe3 g5
37. Qd4 Qd7 38. b4 b5 39. Ne3 Kh6 40. Qd5 Kg6 41. g4 Rf8
42. Qf5+ Qxf5 43. Nxf5 Rd8 44. Rd5 Kf7 45. Rxb5 Ke6 46. Rb7
Kd5 47. d7 Ke5 48. b5 Ke6 49. b6 Kf7 50. Rc7 Kg6 51. b7 Rxd7
52. Nh4+ Kh6 53. Nf5+ Kg6 54. Ne7+ Kh6 55. Rxd7 f5 56. Nxf5+
1-0

[Event "FIDE Online Olympiad"]
[Site "Chess.com"]
[Date "2020.08.01"]
[EventDate "2020.07.31"]
[Round "5"]
[Result "1-0"]
[White "Estube Haileselassie Tadese"]
[Black "Fadi Eid"]
[WhiteElo "2097"]
[BlackElo "2337"]
[PlyCount "81"]

1. c4 Nf6 2. Nf3 g6 3. Nc3 Bg7 4. e4 d6 5. d4 O-O 6. Be2 Bg4
7. h3 Bxf3 8. Bxf3 Nfd7 9. Be3 c5 10. d5 Na6 11. Qd2 Nc7
12. Bh6 e5 13. g4 Qf6 14. Ke2 Bxh6 15. Qxh6 Qf4 16. Qxf4 exf4
17. Kd2 Ne5 18. Be2 h6 19. Bd3 a6 20. a4 a5 21. Ne2 g5 22. Ng1
Kg7 23. Be2 Ra6 24. Nf3 Rb6 25. Kc3 Nxf3 26. Bxf3 f6 27. h4
Na6 28. Rh3 Nb8 29. Rah1 Rh8 30. hxg5 fxg5 31. e5 dxe5 32. Be4
Nd7 33. Bf5 Nf6 34. Re1 Re8 35. f3 h5 36. gxh5 Kh6 37. Rh2 g4
38. fxg4 e4 39. g5+ Kxg5 40. Be6 Rbxe6 41. dxe6 1-0

[Event "FIDE Online Olympiad"]
[Site "Chess.com"]
[Date "2020.08.01"]
[EventDate "2020.07.31"]
[Round "5"]
[Result "1-0"]
[White "Maroun Tomb"]
[Black "Aydagnuhem Gezachew Abera"]
[WhiteElo "2177"]
[BlackElo "2074"]
[PlyCount "71"]

1. e4 e5 2. Nf3 Nc6 3. Bb5 Nf6 4. d4 exd4 5. O-O d6 6. Nxd4
Bd7 7. Nc3 Be7 8. Be3 O-O 9. Nxc6 Bxc6 10. Bxc6 bxc6 11. Qd3
Ng4 12. Bf4 Bf6 13. Qc4 Qd7 14. Rad1 Rfe8 15. Rfe1 Rab8 16. b3
Ne5 17. Bxe5 Bxe5 18. Rd3 Re6 19. Ne2 Rg6 20. f4 Bf6 21. e5
Bh4 22. g3 d5 23. Qc5 a6 24. Qf2 Be7 25. f5 Rg5 26. Rf3 Rb5
27. Nd4 Bc5 28. e6 fxe6 29. fxe6 Qe8 30. e7 Bxe7 31. Nxb5 axb5
32. Rfe3 Qf8 33. Rxe7 Rf5 34. Qe3 d4 35. Qe6+ Rf7 36. Re8 1-0

[Event "FIDE Online Olympiad"]
[Site "Chess.com"]
[Date "2020.08.01"]
[EventDate "2020.07.31"]
[Round "5"]
[Result "1-0"]
[White "Maya Jalloul"]
[Black "Feven Gebremeskel Girmay"]
[WhiteElo "1876"]
[BlackElo "1417"]
[PlyCount "81"]

1. c4 e5 2. Nc3 Nf6 3. g3 Bc5 4. Bg2 d6 5. e3 a6 6. Nge2 O-O
7. O-O Nc6 8. a3 Bd7 9. d3 Ba7 10. b4 Ne7 11. Bb2 Rb8 12. Rc1
Bc6 13. Qd2 Bxg2 14. Kxg2 Qd7 15. e4 Ng4 16. Nd1 Nc6 17. h3
Nf6 18. Ne3 h6 19. f4 Nh7 20. f5 Ng5 21. Nd5 Nd4 22. Nxd4 Bxd4
23. Bxd4 exd4 24. Qf2 c6 25. Nf4 c5 26. h4 Nh7 27. Nd5 f6
28. Qf4 Rbe8 29. Rb1 Re5 30. Rf2 Qa4 31. Ra2 Qd7 32. Rab2 b5
33. bxc5 dxc5 34. cxb5 axb5 35. Rxb5 Rc8 36. Rb7 Qa4 37. Qg4
Qc2+ 38. Kh3 Ng5+ 39. hxg5 fxg5 40. Qh5 Rce8 41. Qf7+ 1-0

[Event "FIDE Online Olympiad"]
[Site "Chess.com"]
[Date "2020.08.01"]
[EventDate "2020.07.31"]
[Round "5"]
[Result "1-0"]
[White "Mohammed Ibtihal"]
[Black "Susan Namangale"]
[WhiteElo "1410"]
[BlackElo "1343"]
[PlyCount "91"]

1. e4 Nc6 2. d4 e6 3. c4 d5 4. cxd5 exd5 5. e5 Nge7 6. Nc3 Be6
7. Nf3 h6 8. Be2 Nf5 9. O-O Be7 10. Bb5 Qd7 11. g4 Nh4 12. h3
Nxf3+ 13. Qxf3 a6 14. Ba4 b5 15. Bb3 Nxd4 16. Qg2 c5 17. Bxd5
Bxd5 18. Nxd5 O-O-O 19. Nb6+ Kc7 20. Nxd7 Rxd7 21. Bf4 Ne2+
22. Kh1 Nxf4 23. Qf3 g5 24. Rac1 Rd3 25. Qe4 Rxh3+ 26. Kg1 h5
27. f3 hxg4 28. fxg4 Rg3+ 29. Kf2 Rh2+ 30. Kxg3 Rh3+ 31. Kf2
c4 32. Rxc4+ bxc4 33. Qxc4+ Kb6 34. Qxf7 Bc5+ 35. Ke1 Ng2+
36. Ke2 Re3+ 37. Kd2 Nf4 38. Qf6+ Kb5 39. Qxg5 Re2+ 40. Kd1
Be3 41. e6+ Kb6 42. Qd8+ Kb5 43. Rxf4 Rd2+ 44. Qxd2 Bxd2
45. Kxd2 Kc6 46. Rd4 1-0

[Event "FIDE Online Olympiad"]
[Site "Chess.com"]
[Date "2020.08.01"]
[EventDate "2020.07.31"]
[Round "5"]
[Result "1-0"]
[White "Oladapo Oluto Adu"]
[Black "Hlophe Smilo"]
[WhiteElo "2327"]
[BlackElo "1663"]
[PlyCount "59"]

1. c4 Nf6 2. g3 g6 3. Bg2 Bg7 4. Nc3 c6 5. e4 e5 6. Nge2 O-O
7. O-O d6 8. d4 exd4 9. Nxd4 Re8 10. Re1 Qc7 11. h3 Nbd7
12. Bg5 Ne5 13. b3 h6 14. Be3 Bd7 15. Qd2 Kh7 16. Rad1 Rad8
17. f4 c5 18. Ndb5 Bxb5 19. Nxb5 Qb6 20. fxe5 dxe5 21. Qf2 Bf8
22. Nc3 Qa5 23. Nd5 Nxd5 24. Qxf7+ Bg7 25. exd5 Qxa2 26. Be4
Qxb3 27. Rb1 Qc3 28. Qxg6+ Kg8 29. Bxh6 Re7 30. Rf1 1-0

[Event "FIDE Online Olympiad"]
[Site "Chess.com"]
[Date "2020.08.01"]
[EventDate "2020.07.31"]
[Round "5"]
[Result "1-0"]
[White "Toritsemuwa Ofowino"]
[Black "Mkhonto Nosimilo"]
[WhiteElo "1959"]
[BlackElo "1327"]
[PlyCount "81"]

1. d4 d5 2. Bf4 e6 3. e3 Bd6 4. Bg3 Bxg3 5. hxg3 Nf6 6. Nd2
Nc6 7. c3 Bd7 8. Ngf3 Qe7 9. Bd3 h6 10. e4 dxe4 11. Nxe4 Nxe4
12. Bxe4 O-O-O 13. O-O f5 14. Bxc6 Bxc6 15. Ne5 Qe8 16. Nxc6
Qxc6 17. Qe2 g5 18. Rfe1 Rde8 19. Qe5 g4 20. Re2 h5 21. Rae1
h4 22. d5 Qc5 23. dxe6 Qxe5 24. Rxe5 hxg3 25. Rxf5 gxf2+
26. Kxf2 Rhg8 27. Kg3 Rg6 28. e7 Kd7 29. Rd5+ Rd6 30. Rxd6+
cxd6 31. Kxg4 Rxe7 32. Rxe7+ Kxe7 33. Kf5 b5 34. g4 Kf7 35. g5
a5 36. g6+ Kg7 37. Ke6 Kxg6 38. Kxd6 Kf5 39. Kc5 b4 40. cxb4
axb4 41. Kxb4 1-0

[Event "FIDE Online Olympiad"]
[Site "Chess.com"]
[Date "2020.08.01"]
[EventDate "2020.07.31"]
[Round "5"]
[Result "1-0"]
[White "Denyefa Callistus Eyetonghan"]
[Black "Lunga Malinga"]
[WhiteElo "2034"]
[BlackElo "1571"]
[PlyCount "113"]

1. Nf3 Nf6 2. g3 c6 3. d4 d5 4. c4 Bf5 5. Bg2 e6 6. Nc3 Nbd7
7. O-O Be7 8. Ne5 O-O 9. cxd5 exd5 10. Bg5 Re8 11. Re1 Qc7
12. Nxd7 Qxd7 13. Qd2 Ne4 14. Nxe4 Bxe4 15. f3 Bxg5 16. Qxg5
Bg6 17. Rad1 Re7 18. e4 dxe4 19. fxe4 Rae8 20. d5 Bxe4
21. dxc6 Qxc6 22. Qe3 f5 23. Qb3+ Kf8 24. Bxe4 Rxe4 25. Rxe4
Rxe4 26. Rd8+ Ke7 27. Rd1 h6 28. Qg8 Rg4 29. Qd8+ Kf7 30. Rd7+
Kg6 31. Rd6+ Kh7 32. Rxc6 bxc6 33. Qc8 Rb4 34. Qxf5+ Kg8
35. Qc8+ Kh7 36. b3 Rb6 37. Qc7 Ra6 38. a4 Rb6 39. Qxa7 Rxb3
40. a5 Rb1+ 41. Kg2 Rc1 42. a6 c5 43. Qe7 c4 44. a7 Ra1
45. a8=Q Rxa8 46. Qe4+ Kh8 47. Qxa8+ Kh7 48. Qe4+ Kh8 49. Qxc4
Kh7 50. Kf3 Kg6 51. Kg4 h5+ 52. Kf4 Kh6 53. Qe6+ g6 54. Qf6
Kh7 55. Kg5 Kg8 56. Kxg6 h4 57. Qg7# 1-0

[Event "FIDE Online Olympiad"]
[Site "Chess.com"]
[Date "2020.08.01"]
[EventDate "2020.07.31"]
[Round "6"]
[Result "1-0"]
[White "Grace Christie Youwou Pedhom"]
[Black "Mkhonto Nosimilo"]
[WhiteElo "1360"]
[BlackElo "1327"]
[PlyCount "88"]

1. d4 d5 2. c4 Nf6 3. Nc3 c6 4. cxd5 cxd5 5. Nf3 Nc6 6. e3 e6
7. Be2 Be7 8. O-O O-O 9. a3 a6 10. b4 Bd7 11. Bb2 b5 12. Bd3
Bd6 13. Re1 Ne7 14. Ne5 Rc8 15. Rc1 Nc6 16. f4 Ne8 17. e4 dxe4
18. Bxe4 Nxe5 19. dxe5 Be7 20. Qd2 f5 21. Bf3 Qb6+ 22. Kf1 Bc6
23. Bxc6 Qxc6 24. Nd5 Qxd5 25. Qxd5 exd5 26. Rxc8 g6 27. Ra8
Nc7 28. Ra7 Rc8 29. Rc1 Bd8 30. e6 Kf8 31. Be5 Ke7 32. Bxc7
Bxc7 33. Raxc7+ Rxc7 34. Rxc7+ Kxe6 35. Rxh7 Kf6 36. Kf2 g5
37. fxg5+ Kxg5 38. Ra7 Kf4 39. g3+ Ke4 40. Ke2 Kd4 41. Rxa6
Kc3 42. Rd6 d4 43. h4 Kb3 44. Rxd4 Kxa3 1-0

[Event "FIDE Online Olympiad"]
[Site "Chess.com"]
[Date "2020.08.01"]
[EventDate "2020.07.31"]
[Round "6"]
[Result "1-0"]
[White "Abimbola Osunfuyi"]
[Black "Ahmed Said Al Amri Mohammed"]
[WhiteElo "2292"]
[BlackElo "1588"]
[PlyCount "101"]

1. c4 g6 2. g3 Bg7 3. Bg2 Nf6 4. Nc3 c6 5. e4 O-O 6. Nge2 d6
7. O-O Nbd7 8. d3 h6 9. h3 e5 10. Be3 c5 11. Qd2 Kh7 12. a3 a6
13. b4 Qe7 14. Rab1 Rb8 15. g4 g5 16. Ng3 Qd8 17. Nf5 Nb6
18. bxc5 Bxf5 19. Rxb6 Be6 20. Rxd6 Qc8 21. Rb1 Re8 22. Nd5
Bxd5 23. exd5 Nd7 24. Be4+ Kg8 25. Bf5 Rd8 26. Rxd7 Rxd7
27. c6 bxc6 28. Rxb8 Qxb8 29. Bxd7 cxd5 30. cxd5 e4 31. Qc2
exd3 32. Qc8+ Qxc8 33. Bxc8 Bc3 34. Bxa6 d2 35. Be2 Kf8
36. Bc5+ Ke8 37. Kf1 Kd7 38. Bb5+ Kc7 39. Ke2 f5 40. gxf5 h5
41. d6+ Kb7 42. d7 Bf6 43. Kxd2 g4 44. hxg4 h4 45. Bd6 h3
46. Bh2 Kb6 47. a4 Kc5 48. Ke2 Kd4 49. f4 Ke4 50. g5 Bd8
51. f6 1-0

[Event "FIDE Online Olympiad"]
[Site "Chess.com"]
[Date "2020.08.01"]
[EventDate "2020.07.31"]
[Round "6"]
[Result "1-0"]
[White "Emmanuella Trust Enomah"]
[Black "Alanoud Al Ghafri"]
[WhiteElo "1710"]
[BlackElo "1293"]
[PlyCount "97"]

1. c4 e5 2. g3 Nc6 3. Bg2 Nf6 4. Nf3 e4 5. Ng5 Qe7 6. Nc3 Qc5
7. Ngxe4 Nxe4 8. Nxe4 Qxc4 9. O-O Bc5 10. Nxc5 Qxc5 11. b3 O-O
12. Bb2 d6 13. Rc1 Qb5 14. d4 Ne7 15. Rxc7 Nf5 16. e4 Nh6
17. Qc2 Be6 18. Rc1 Rab8 19. Qc3 Qg5 20. d5 Bg4 21. Qb4 Qd8
22. Rxb7 Rxb7 23. Qxb7 Qb8 24. Qxb8 Rxb8 25. Rc7 a6 26. f3 Bc8
27. Kf2 f6 28. Ba3 Rb6 29. Rxc8+ Kf7 30. Rc6 Rxc6 31. dxc6 Ke8
32. Bxd6 Kd8 33. c7+ Kc8 34. Bh3+ f5 35. exf5 Kd7 36. f6+ Kxd6
37. c8=Q gxf6 38. Qe6+ Kc5 39. Qe3+ Kb4 40. Qxh6 Ka3 41. Qxf6
Kxa2 42. Qxa6+ Kxb3 43. Qb5+ Kc3 44. Ke3 Kc2 45. Qd3+ Kb2
46. Kd2 Ka2 47. Qb5 Ka1 48. Kc2 Ka2 49. Qb2# 1-0

[Event "FIDE Online Olympiad"]
[Site "Chess.com"]
[Date "2020.08.01"]
[EventDate "2020.07.31"]
[Round "6"]
[Result "1-0"]
[White "Omar Eltigani"]
[Black "Joang Molapo"]
[WhiteElo "2283"]
[BlackElo "1607"]
[PlyCount "63"]

1. d4 d5 2. c4 c6 3. Nc3 Nf6 4. e3 e6 5. Nf3 Bd6 6. Bd3 O-O
7. O-O Nbd7 8. e4 dxe4 9. Nxe4 Nxe4 10. Bxe4 Nf6 11. Bc2 h6
12. b3 Re8 13. Bb2 Nd7 14. Re1 Nf8 15. Qd3 Qf6 16. Bc3 Qg6
17. Qd2 Qh5 18. Re4 g5 19. h3 f5 20. Ree1 Bf4 21. Qe2 g4
22. Ne5 Bxe5 23. dxe5 Re7 24. Rad1 Bd7 25. Rd3 Rg7 26. Rg3 Qh4
27. hxg4 fxg4 28. Bd1 h5 29. Qe4 Be8 30. Qf4 Bg6 31. Bb4 Bf5
32. Bd6 1-0

[Event "FIDE Online Olympiad"]
[Site "Chess.com"]
[Date "2020.08.01"]
[EventDate "2020.07.31"]
[Round "6"]
[Result "1-0"]
[White "Khalema Sechaba"]
[Black "Ahmed Ahmed Hassan"]
[WhiteElo "1827"]
[BlackElo "2035"]
[PlyCount "79"]

1. d4 Nf6 2. c4 g6 3. Nc3 Bg7 4. e4 d6 5. Nf3 O-O 6. Be2 e5
7. O-O Nc6 8. d5 Ne7 9. Bd2 c5 10. Ne1 Ne8 11. a3 f5 12. exf5
gxf5 13. f4 Ng6 14. Nd3 e4 15. Ne1 Nf6 16. Nc2 Bd7 17. Rb1 Kh8
18. Kh1 Qe8 19. Qe1 a6 20. b4 b6 21. Ne3 Bh6 22. g3 Bg7
23. Ncd1 Ng4 24. Bxg4 fxg4 25. Bc3 h5 26. Bxg7+ Kxg7 27. Qc3+
Kh7 28. bxc5 bxc5 29. Rb6 Qe7 30. Rf2 h4 31. Rfb2 Ra7 32. Rb7
Rfa8 33. Kg1 Kg8 34. Nf2 hxg3 35. hxg3 Qh7 36. Nfxg4 Qh3
37. Nf6+ Kf7 38. Nxe4 Ke8 39. Qf6 Nh4 40. Nxd6# 1-0

[Event "FIDE Online Olympiad"]
[Site "Chess.com"]
[Date "2020.08.01"]
[EventDate "2020.07.31"]
[Round "6"]
[Result "1-0"]
[White "Elena Nekrasova"]
[Black "Susan Namangale"]
[WhiteElo "1920"]
[BlackElo "1343"]
[PlyCount "101"]

1. e4 Nc6 2. d4 d5 3. e5 e6 4. c3 g6 5. Bd3 Bg7 6. h4 h5
7. Bg5 f6 8. Bxg6+ Ke7 9. exf6+ Nxf6 10. Nf3 Qd6 11. Qe2 Bd7
12. Ne5 Raf8 13. Bxh5 Kd8 14. Nf7+ Rxf7 15. Bxf7 Kc8 16. Nd2
Nh7 17. Be3 Bf6 18. O-O-O Qe7 19. Bg6 Nf8 20. Bc2 a6 21. Nf3
Na5 22. Bg5 Bb5 23. Bd3 Nc4 24. Bxf6 Qxf6 25. g3 Nd7 26. Rhe1
Qh6+ 27. Kb1 Re8 28. b3 Na3+ 29. Kb2 Bxd3 30. Rxd3 Qf8 31. Re3
Nb5 32. Qd2 Qa3+ 33. Kb1 Qa5 34. h5 Nb6 35. Ne5 Na3+ 36. Ka1
c5 37. Rc1 c4 38. b4 Qa4 39. h6 a5 40. bxa5 Qxa5 41. Nf7 Kc7
42. h7 Ra8 43. h8=Q Nb5 44. Qe5+ Kc6 45. Qxe6+ Kc7 46. Qe7+
Kb8 47. Nd6 Nxd6 48. Qxd6+ Ka7 49. Qc5 Qxc5 50. dxc5 Na4
51. Qxd5 1-0

[Event "FIDE Online Olympiad"]
[Site "Chess.com"]
[Date "2020.08.01"]
[EventDate "2020.07.31"]
[Round "6"]
[Result "1-0"]
[White "Sidi Boidiya"]
[Black "Estube Haileselassie Tadese"]
[WhiteElo "2065"]
[BlackElo "2097"]
[PlyCount "51"]

1. e4 c5 2. Nf3 d6 3. Bb5+ Nd7 4. O-O a6 5. Bxd7+ Bxd7 6. Re1
e6 7. c3 Nf6 8. d4 cxd4 9. cxd4 d5 10. e5 Ne4 11. Nbd2 Nxd2
12. Bxd2 Be7 13. Qb3 b5 14. Bb4 O-O 15. Rac1 Bxb4 16. Qxb4 Rc8
17. Qd6 a5 18. Rc5 Rxc5 19. dxc5 Qc8 20. Nd4 Rd8 21. Qb6 Be8
22. c6 Qa8 23. c7 Rc8 24. Rc1 b4 25. Rc5 b3 26. axb3 1-0

[Event "FIDE Online Olympiad"]
[Site "Chess.com"]
[Date "2020.08.01"]
[EventDate "2020.07.31"]
[Round "6"]
[Result "1-0"]
[White "Aydagnuhem Gezachew Abera"]
[Black "Ethmane Daouda Sabar"]
[WhiteElo "2074"]
[BlackElo "2040"]
[PlyCount "109"]

1. c4 Nf6 2. d4 e6 3. Nc3 d5 4. cxd5 exd5 5. Nf3 Bd6 6. Bg5 c6
7. e3 O-O 8. Bd3 Nbd7 9. Rc1 Re8 10. O-O h6 11. Bh4 Nf8
12. Bb1 Ng6 13. Bg3 Bxg3 14. hxg3 Ne4 15. Nd2 f5 16. Ne2 Qe7
17. Nf4 Nf8 18. Nf3 g5 19. Nd3 Nd7 20. Nfe5 Nxe5 21. Nxe5 g4
22. Bxe4 dxe4 23. f3 gxf3 24. gxf3 Qg5 25. Kf2 Be6 26. f4 Qf6
27. b3 Kh7 28. Qh5 Rg8 29. Rh1 Rg7 30. Rh3 Rh8 31. Qxh6+ Qxh6
32. Rxh6+ Kg8 33. Rch1 Rgh7 34. Rxh7 Rxh7 35. Rxh7 Kxh7
36. Kg2 a5 37. Kh3 a4 38. bxa4 Bxa2 39. a5 Kg7 40. Nd7 Be6
41. Ne5 Kf6 42. Kh4 Ke7 43. Kg5 Kd6 44. g4 fxg4 45. Nxg4 c5
46. dxc5+ Kxc5 47. f5 Ba2 48. Kf4 Kb5 49. f6 Kxa5 50. Kxe4 b5
51. Kd4 b4 52. Ne5 Ka4 53. Nc4 Bxc4 54. Kxc4 b3 55. f7 1-0

[Event "FIDE Online Olympiad"]
[Site "Chess.com"]
[Date "2020.08.01"]
[EventDate "2020.07.31"]
[Round "4"]
[Result "1-0"]
[White "Rose Berline Seine"]
[Black "Nadezhda Valerevna Marochkina"]
[WhiteElo "1679"]
[BlackElo "1993"]
[PlyCount "135"]

1. e4 c6 2. d4 d5 3. exd5 cxd5 4. Nf3 e6 5. c3 Nf6 6. Bd3 Be7
7. O-O O-O 8. Re1 Nc6 9. Nbd2 a6 10. Ne5 Qc7 11. Ndf3 b5
12. Qc2 Re8 13. Nxc6 Qxc6 14. Ne5 Qc7 15. Bg5 h6 16. Bf4 Qd8
17. Nc6 Qd7 18. Nxe7+ Qxe7 19. Qe2 Bb7 20. a3 Rac8 21. Qf3 Qf8
22. Bxh6 Ne4 23. Bf4 f5 24. Qe2 Qf7 25. Be5 Qg6 26. f3 Ng5
27. Kh1 Kf7 28. Qf2 Rh8 29. Qg3 Rh7 30. Bf4 Kf6 31. Bxg5+ Qxg5
32. Qxg5+ Kxg5 33. Rxe6 Rch8 34. h3 g6 35. Kh2 Bc8 36. Re5 Kf6
37. Kg3 Bb7 38. Rae1 Rf7 39. f4 Rhh7 40. Re6+ Kg7 41. Re7 Kf8
42. Rxf7+ Rxf7 43. Kh4 Kg7 44. Kg5 Bc8 45. Re5 Rd7 46. Re6 Kf7
47. Rf6+ Ke8 48. Rxg6 Re7 49. Bxf5 Bb7 50. Re6 Rxe6 51. Bxe6
Ke7 52. Bf5 Kf7 53. g4 Bc6 54. h4 Kg7 55. h5 a5 56. Be6 a4
57. h6+ Kh7 58. Kh5 Be8+ 59. Kg5 Bc6 60. Bf7 Bb7 61. Kh5 Bc6
62. f5 Bb7 63. g5 Bc6 64. f6 Bd7 65. g6+ Kh8 66. h7 b4 67. Kh6
bxc3 68. g7# 1-0

[Event "FIDE Online Olympiad"]
[Site "Chess.com"]
[Date "2020.08.01"]
[EventDate "2020.07.31"]
[Round "4"]
[Result "1-0"]
[White "Lubov Bobrova"]
[Black "Theophane Paul"]
[WhiteElo "1403"]
[BlackElo "1493"]
[PlyCount "147"]

1. d4 d5 2. c4 e6 3. Nc3 Nf6 4. Nf3 c6 5. e3 Nbd7 6. Be2 Bd6
7. O-O b6 8. b3 Bb7 9. cxd5 exd5 10. Bb2 O-O 11. Bd3 Re8
12. Qc2 Qc7 13. h3 Re7 14. Rac1 Rae8 15. Nb5 Qb8 16. Nxd6 Qxd6
17. Ng5 Ne4 18. Nxe4 dxe4 19. Bc4 Nf6 20. a4 Nd5 21. Ra1 Qd7
22. Be2 Nf6 23. Rfd1 Qc7 24. Qc3 Nd5 25. Qc2 Re6 26. Bc4 Rc8
27. Rac1 Nb4 28. Qe2 Re7 29. Ba3 Nd3 30. Bxe7 Nxc1 31. Rxc1
Qxe7 32. Qg4 Re8 33. Qe2 Kh8 34. Qg4 Kg8 35. Qe2 Kh8 36. Re1
Bc8 37. f4 exf3 38. Qxf3 Qc7 39. Qxf7 Qxf7 40. Bxf7 Rf8
41. Bh5 g6 42. Bf3 c5 43. dxc5 bxc5 44. Bd5 Bf5 45. e4 Re8
46. Kf2 Be6 47. Bxe6 Rxe6 48. Re3 Kg7 49. g4 h6 50. Kf3 Rf6+
51. Kg3 Re6 52. e5 a5 53. Kf4 Kf7 54. Rc3 Rc6 55. h4 Ke6
56. Ke4 Ke7 57. Kd5 Kd7 58. Rxc5 Rxc5+ 59. Kxc5 Ke6 60. Kd4
Ke7 61. Kd5 Kd7 62. e6+ Ke7 63. Ke5 Ke8 64. Kf6 g5 65. hxg5
hxg5 66. Kxg5 Ke7 67. Kf5 Ke8 68. Kf6 Kf8 69. g5 Ke8 70. g6
Kf8 71. g7+ Kg8 72. e7 Kh7 73. e8=Q Kh6 74. Qg6# 1-0

[Event "FIDE Online Olympiad"]
[Site "Chess.com"]
[Date "2020.08.01"]
[EventDate "2020.07.31"]
[Round "4"]
[Result "1-0"]
[White "Angelo Etienne"]
[Black "Rassoul Diarra"]
[WhiteElo "1995"]
[BlackElo "1701"]
[PlyCount "129"]

1. d4 Nf6 2. c4 e6 3. Nf3 d5 4. Nc3 Be7 5. Bf4 O-O 6. h3 c5
7. e3 Nc6 8. Be2 dxc4 9. O-O Nd5 10. Bh2 Bf6 11. Bxc4 cxd4
12. Nxd4 Nxc3 13. bxc3 Qa5 14. Rc1 Rd8 15. Qf3 Ne5 16. Qe2 a6
17. Bb3 Bd7 18. Rfd1 Rac8 19. c4 Nc6 20. c5 Nxd4 21. exd4 Bb5
22. Qg4 Qb4 23. Bd6 Re8 24. Rb1 Qa5 25. d5 e5 26. Qf5 Qd8
27. Qe4 b6 28. Rbc1 a5 29. a4 Ba6 30. Kh1 Bg5 31. Rc3 Qf6
32. Rf3 Qh6 33. Rc3 bxc5 34. Bxc5 Bf6 35. Be3 Qg6 36. Qxg6
hxg6 37. Rdc1 Rb8 38. d6 e4 39. Rc6 Bd3 40. Bd5 Red8 41. Bf4
Rb4 42. Rc7 Rf8 43. Bc6 g5 44. Bg3 Rb2 45. Bd5 Bd8 46. Rd7 Rb4
47. Rc8 Bf6 48. Bxf7+ Kh7 49. Rxf8 Rxa4 50. Be6 Kg6 51. Rc7
Ra1+ 52. Kh2 e3 53. fxe3 Be4 54. d7 Rd1 55. Rc1 Rxc1 56. Rxf6+
gxf6 57. d8=Q Rc2 58. Qg8+ Kh6 59. Qf8+ Kg6 60. Bf7+ Kf5
61. Kh1 Rc1+ 62. Kh2 Rc2 63. Kg1 Rxg2+ 64. Kf1 Rd2 65. Qc8+
1-0

[Event "FIDE Online Olympiad"]
[Site "Chess.com"]
[Date "2020.08.01"]
[EventDate "2020.07.31"]
[Round "4"]
[Result "1-0"]
[White "Wim Blijstra"]
[Black "Shadi Alqawasme"]
[WhiteElo "2198"]
[BlackElo "1789"]
[PlyCount "61"]

1. d4 Nf6 2. Nf3 e6 3. Bf4 d5 4. e3 Bd6 5. Ne5 c5 6. c3 Nc6
7. Bb5 Bd7 8. Nxf7 Kxf7 9. Bxd6 cxd4 10. exd4 Nxd4 11. Bd3 Bb5
12. Bxb5 Nxb5 13. Bg3 Nd6 14. O-O Nf5 15. Be5 Re8 16. Nd2 Nd7
17. Nf3 Kg8 18. Re1 Nxe5 19. Rxe5 Qf6 20. Qe2 Rac8 21. Re1 Kf7
22. g4 Nd6 23. Qe3 Nc4 24. g5 Nxe3 25. gxf6 Ng4 26. Rg5 Nxf6
27. Ne5+ Kg8 28. f3 Rc7 29. Kf2 Nd7 30. Nd3 Nf6 31. Reg1 1-0